00409nam a2200121Ia 4500008004100000082002300041100001900064245005000083260004800133365000600181630005000187730005000237100415s9999 xx 000 0 und d b14855a598.2(5492) aRashid Haroun aSystematic List of the Birds of East Pakistan aDACCAc1967bTHE ASIATIC SOCIETY OF PAKISTA b0 aSystematic List of the Birds of East Pakistan aSystematic List of the Birds of East Pakistan